000 00316nam a2200121Ia 4500
100 _aGandhi Malli
245 0 _aTribes under stigma: Problem of Identity
264 _bSerials Publications
_c2009
300 _a344
700 _a Lalitha V.
942 _cIR
999 _c120773
_d120773